[Event "Belt and Road Hunan op-B"]
[Site "Changsha"]
[Date "2019.07.31"]
[Round "4"]
[White "Garidmagnai, Byambasuren"]
[Black "Byambaa, Zulzaga"]
[Result "1-0"]
[WhiteElo "2323"]
[BlackElo "2137"]
[PlyCount "49"]
[EventDate "2019.07.29"]
[EventType "swiss"]
[EventRounds "9"]
[EventCountry "CHN"]
[SourceTitle "EXT 2020"]
[Source "ChessBase"]
[SourceDate "2019.10.17"]
[SourceVersion "1"]
[SourceVersionDate "2019.10.17"]
[SourceQuality "1"]

1. Nf3 Nf6 2. b3 g6 3. Bb2 Bg7 4. g3 0-0 5. Bg2 d5 6. c4 c5 7. cxd5 Nxd5 8. Bxg7 Kxg7 9. 0-0 Nc6 10. d4 Qa5 11. e4 Nf6 12. d5 Rd8 13. Nbd2 Nb4 14. a3 Na6 15. Qc2 Bd7 16. Nc4 Qc7 17. Rad1 Bb5 18. Rfe1 Rac8 19. Qc3 Kg8 20. d6 Qd7 21. Nce5 Qe8 22. Ng5 exd6 23. Nexf7 Qe7 24. Nxd8 Rxd8 25. e5 1-0

[Event "Eastern Asia-ch zt 3.3"]
[Site "Ulaanbaatar"]
[Date "2019.04.09"]
[Round "3"]
[White "Nguyen, Duc Hoa"]
[Black "Byambaa, Zulzaga"]
[Result "1-0"]
[WhiteElo "2433"]
[BlackElo "2168"]
[PlyCount "89"]
[EventDate "2019.04.07"]
[EventType "swiss"]
[EventRounds "9"]
[EventCountry "MGL"]
[SourceTitle "CBM 189 Extra"]
[Source "ChessBase"]
[SourceDate "2019.06.03"]
[SourceVersion "1"]
[SourceVersionDate "2019.06.03"]
[SourceQuality "1"]

1. d4 Nf6 2. c4 g6 3. Nc3 Bg7 4. e4 d6 5. f3 0-0 6. Be3 Nc6 7. Qd2 a6 8. Nge2 Rb8 9. Rb1 Re8 10. g4 b5 11. cxb5 axb5 12. b4 e5 13. d5 Nd4 14. Bg2 Nxe2 15. Kxe2 Nd7 16. Qd3 Ra8 17. h4 Nb6 18. h5 Bd7 19. Rbd1 Na4 20. Nxa4 Rxa4 21. a3 Qa8 22. Bc1 Rd8 23. hxg6 hxg6 24. Qc3 f6 25. Qb3 Kf7 26. Rd3 c5 27. dxc6+ Be6 28. Qc3 Bc4 29. c7 Rc8 30. Kf2 Qc6 31. Rhd1 Bf8 32. Qc2 Qb6+ 33. Kg3 Qxc7 34. Rc3 Ra6 35. Bd2 Qa7 36. Be3 Qa8 37. Bf1 Rac6 38. Rc1 Kg7 39. a4 d5 40. Qh2 g5 41. axb5 Bxb5 42. Bxb5 Rxc3 43. Rh1 Kf7 44. Qh5+ Ke6 45. Qh7 1-0

[Event "Moscow Aeroflot op-B 18th"]
[Site "Moscow"]
[Date "2019.02.25"]
[Round "7"]
[White "Yeritsyan, Aram"]
[Black "Byambaa, Zulzaga"]
[Result "1-0"]
[WhiteElo "2325"]
[BlackElo "2166"]
[PlyCount "53"]
[EventDate "2019.02.20"]
[EventType "swiss"]
[EventRounds "9"]
[EventCountry "RUS"]
[SourceTitle "CBM 189 Extra"]
[Source "ChessBase"]
[SourceDate "2019.06.03"]
[SourceVersion "1"]
[SourceVersionDate "2019.06.03"]
[SourceQuality "1"]

1. e4 c5 2. Nf3 Nc6 3. Bb5 Qb6 4. Nc3 e6 5. Bxc6 Qxc6 6. d4 cxd4 7. Nxd4 Qc7 8. 0-0 a6 9. Re1 d6 10. Bg5 Nf6 11. Bxf6 gxf6 12. Qh5 Qc5 13. Nf5 Bd7 14. Nd5 0-0-0 15. Re3 Kb8 16. Rc3 Qa7 17. Qxf7 exd5 18. Qxf6 Bg7 19. Qxd6+ Ka8 20. Nxg7 dxe4 21. Rd1 Qb8 22. h3 Bc6 23. Qxb8+ Kxb8 24. Rxd8+ Rxd8 25. Nf5 Rd2 26. Ne3 h5 27. Rc5 1-0

[Event "Asian Continental op 14th"]
[Site "Al Ain"]
[Date "2015.08.10"]
[Round "9"]
[White "Byambaa, Zulzaga"]
[Black "Lou, Yiping"]
[Result "1/2-1/2"]
[WhiteElo "2258"]
[BlackElo "2454"]
[PlyCount "86"]
[EventDate "2015.08.02"]
[EventType "swiss"]
[EventRounds "9"]
[EventCountry "UAE"]
[SourceTitle "CBM 168"]
[Source "ChessBase"]
[SourceDate "2015.09.14"]
[SourceVersion "1"]
[SourceVersionDate "2015.09.14"]
[SourceQuality "1"]

1. e4 e6 2. Qe2 Be7 3. Nf3 d5 4. d3 Nf6 5. g3 b5 6. Bg2 b4 7. e5 Nfd7 8. h4 a5 9. Bf4 c5 10. Nbd2 Nc6 11. c4 bxc3 12. bxc3 h6 13. h5 c4 14. dxc4 Ba6 15. Nd4 Nxd4 16. cxd4 Qb6 17. Be3 Qb2 18. Qd1 Bb4 19. 0-0 Bxd2 20. Qxd2 Qxd2 21. Bxd2 Bxc4 22. Rfb1 Ke7 23. Bf3 Rhc8 24. Bd1 Ra7 25. Bc1 f6 26. f4 Bd3 27. Ba3+ Kf7 28. Rc1 Rac7 29. Rxc7 Rxc7 30. Rc1 Rc4 31. Kf2 Nb6 32. Ke3 Rxc1 33. Bxc1 Bb1 34. a3 f5 35. Kd2 Nc4+ 36. Kc3 Ba2 37. Be2 Nb6 38. Bd1 Bc4 39. Bd2 Bb5 40. Bc1 Na4+ 41. Kb3 Nb6 42. Kc3 Bf1 43. Kb3 Bc4+ 1/2-1/2

[Event "Moscow Aeroflot op-B 14th"]
[Site "Moscow"]
[Date "2015.04.02"]
[Round "7"]
[White "Derakhshani, Dorsa"]
[Black "Byambaa, Zulzaga"]
[Result "1-0"]
[WhiteElo "2169"]
[BlackElo "2286"]
[PlyCount "89"]
[EventDate "2015.03.27"]
[EventType "swiss"]
[EventRounds "9"]
[EventCountry "RUS"]
[SourceTitle "CBM 165 Extra"]
[Source "ChessBase"]
[SourceDate "2015.04.21"]
[SourceVersion "1"]
[SourceVersionDate "2015.04.21"]
[SourceQuality "1"]

1. e4 g6 2. d4 Bg7 3. Nc3 d6 4. Be3 c6 5. f3 b5 6. Qd2 Nd7 7. g4 Nb6 8. b3 Nf6 9. Bd3 e5 10. 0-0-0 0-0 11. dxe5 dxe5 12. Bh6 Be6 13. h4 Qe7 14. Nb1 Rfd8 15. h5 Bh8 16. Qf2 c5 17. Bxb5 Rxd1+ 18. Kxd1 c4 19. Ne2 Qc7 20. Be3 a6 21. Bxb6 Qd6+ 22. Kc1 axb5 23. Rd1 Qc6 24. Qc5 Qxc5 25. Bxc5 Nd7 26. Ba3 Bg7 27. Nec3 Rb8 28. Bd6 Rb7 29. b4 Bh6+ 30. Kb2 Be3 31. Na3 f6 32. hxg6 hxg6 33. Naxb5 Kf7 34. a4 Nb6 35. a5 Nc8 36. a6 Rb6 37. Ra1 Nxd6 38. a7 Nxb5 39. Nxb5 Rxb5 40. a8Q Rxb4+ 41. Kc3 Rb5 42. Rh1 Bd4+ 43. Kd2 Ke7 44. Rh7+ Bf7 45. Qg8 1-0

[Event "MGL-ch 54th"]
[Site "Govi Altai"]
[Date "2014.04.08"]
[Round "6"]
[White "Nasanjargal, Urtnasan"]
[Black "Byambaa, Zulzaga"]
[Result "1-0"]
[WhiteElo "2374"]
[BlackElo "2285"]
[PlyCount "103"]
[EventDate "2014.04.04"]
[EventType "tourn"]
[EventRounds "13"]
[EventCountry "MGL"]
[EventCategory "4"]
[SourceTitle "CBM 159 Extra"]
[Source "ChessBase"]
[SourceDate "2014.04.24"]
[SourceVersion "1"]
[SourceVersionDate "2014.04.24"]
[SourceQuality "1"]

1. d4 Nf6 2. c4 g6 3. Nc3 Bg7 4. e4 d6 5. Nf3 0-0 6. Be2 e5 7. Be3 Ng4 8. Bg5 f6 9. Bc1 f5 10. exf5 gxf5 11. h3 exd4 12. hxg4 dxc3 13. Qd5+ Rf7 14. Ng5 Qe7 15. Nxf7 Qxf7 16. Qxf7+ Kxf7 17. Rxh7 Kg8 18. Rxg7+ Kxg7 19. gxf5 Bxf5 20. bxc3 Nd7 21. Be3 Ne5 22. Kd2 Be6 23. Bd4 c5 24. Bxe5+ dxe5 25. Ke3 Rd8 26. Rb1 b6 27. Rh1 Bf7 28. Rh4 Bg6 29. Rh1 Kf6 30. Rc1 Kg5 31. Rd1 Rxd1 32. Bxd1 Bf7 33. Ke4 Kf6 34. Be2 Ke6 35. f4 Bg6+ 36. Ke3 exf4+ 37. Kxf4 Kf6 38. a3 Bb1 39. g4 Bc2 40. Bf3 Bd3 41. Bd5 Be2 42. g5+ Kg6 43. Be4+ Kg7 44. Ke5 Bxc4 45. Kd6 Be2 46. Kc6 c4 47. Kb7 Bd3 48. Bd5 Kg6 49. Kxa7 Kxg5 50. Kxb6 Kf6 51. Kc5 Ke5 52. a4 1-0

[Event "Wch Blitz 7th"]
[Site "Khanty-Mansiysk"]
[Date "2013.06.10"]
[Round "19"]
[White "Byambaa, Zulzaga"]
[Black "Georgiev, Kiril"]
[Result "0-1"]
[WhiteElo "2285"]
[BlackElo "2636"]
[PlyCount "130"]
[EventDate "2013.06.09"]
[EventType "swiss (blitz)"]
[EventRounds "30"]
[EventCountry "RUS"]
[SourceTitle "CBM 154 Extra"]
[Source "ChessBase"]
[SourceDate "2013.06.25"]
[SourceVersion "2"]
[SourceVersionDate "2013.06.25"]
[SourceQuality "1"]

1. e4 c5 2. Nf3 d6 3. d4 cxd4 4. Nxd4 Nf6 5. Nc3 a6 6. Bg5 e6 7. f4 Qb6 8. Qd2 Qxb2 9. Rb1 Qa3 10. e5 dxe5 11. fxe5 h6 12. Bh4 g5 13. Bf2 Ng4 14. Bg3 Nd7 15. Nf3 Qa5 16. Ne4 Qxd2+ 17. Kxd2 Bg7 18. Nd6+ Ke7 19. Nxc8+ Rhxc8 20. Rxb7 Rcb8 21. Rxb8 Rxb8 22. Bxa6 Ngxe5 23. Nxe5 Bxe5 24. Bd3 Rb2 25. Bxe5 Nxe5 26. Ra1 Kd6 27. a4 Rb7 28. a5 Ra7 29. a6 Kc6 30. Be2 Nd7 31. Rf1 Nc5 32. Ke3 f5 33. Kd4 Kd6 34. Ra1 e5+ 35. Kc4 Rxa6 36. Rd1+ Kc6 37. Rd8 Ra4+ 38. Kc3 Ne4+ 39. Kb3 Nc5+ 40. Kc3 Rf4 41. Rh8 Rf2 42. Rxh6+ Kc7 43. Bc4 Ne4+ 44. Kb2 Rxg2 45. Re6 Nd6 46. Bd5 Re2 47. Re7+ Kb6 48. Kb3 Kc5 49. Be6 Rxh2 50. Bxf5 Kd5 51. Bh7 e4 52. Bg8+ Kd4 53. Rd7 Ke5 54. Re7+ Kf4 55. Rd7 Nf5 56. Bd5 e3 57. Bc4 e2 58. Bxe2 Rxe2 59. c4 g4 60. c5 Re6 61. Rd1 g3 62. Kb4 g2 63. Kb5 Ne7 64. Rc1 Kg3 65. Ra1 Kh2 0-1

[Event "Wch Blitz 7th"]
[Site "Khanty-Mansiysk"]
[Date "2013.06.10"]
[Round "20"]
[White "Georgiev, Kiril"]
[Black "Byambaa, Zulzaga"]
[Result "1-0"]
[WhiteElo "2636"]
[BlackElo "2285"]
[PlyCount "85"]
[EventDate "2013.06.09"]
[EventType "swiss (blitz)"]
[EventRounds "30"]
[EventCountry "RUS"]
[SourceTitle "CBM 154 Extra"]
[Source "ChessBase"]
[SourceDate "2013.06.25"]
[SourceVersion "2"]
[SourceVersionDate "2013.06.25"]
[SourceQuality "1"]

1. d4 Nf6 2. Nf3 g6 3. Bg5 Bg7 4. Nbd2 0-0 5. c3 d6 6. e4 c6 7. Be2 Nbd7 8. 0-0 h6 9. Bh4 Nh5 10. Ne1 Nf4 11. Nd3 Nxe2+ 12. Qxe2 g5 13. Bg3 e5 14. Nc4 Qe7 15. dxe5 dxe5 16. Ne3 Nb6 17. Rfd1 f6 18. a4 Be6 19. a5 Nc4 20. Nc2 a6 21. f3 Rfd8 22. Bf2 Bf8 23. b3 Nd6 24. Bb6 Bxb3 25. Bxd8 Rxd8 26. Rab1 Be6 27. Ne3 Nc4 28. Nxc4 Bxc4 29. Qc2 Qc7 30. Nb2 Rxd1+ 31. Rxd1 Be6 32. Ra1 h5 33. Nd3 g4 34. Qf2 Qf7 35. Kh1 Bc4 36. Qe3 Kh7 37. Rb1 Bh6 38. Qe2 Qd7 39. Nxe5 Bxe2 40. Nxd7 gxf3 41. gxf3 Bxf3+ 42. Kg1 Kg6 43. e5 1-0

[Event "Wch Blitz 7th"]
[Site "Khanty-Mansiysk"]
[Date "2013.06.10"]
[Round "21"]
[White "Nadanian, Ashot S"]
[Black "Byambaa, Zulzaga"]
[Result "0-1"]
[WhiteElo "2428"]
[BlackElo "2285"]
[PlyCount "56"]
[EventDate "2013.06.09"]
[EventType "swiss (blitz)"]
[EventRounds "30"]
[EventCountry "RUS"]
[SourceTitle "CBM 154 Extra"]
[Source "ChessBase"]
[SourceDate "2013.06.25"]
[SourceVersion "2"]
[SourceVersionDate "2013.06.25"]
[SourceQuality "1"]

1. e4 d6 2. f4 e5 3. Nf3 exf4 4. Bc4 h6 5. 0-0 g5 6. c3 Bg7 7. Qb3 Qe7 8. d3 Nc6 9. Na3 a6 10. Nc2 b5 11. Bd5 Bd7 12. Nb4 Nxb4 13. Bxa8 Nxd3 14. Nd4 c5 15. Nf5 Bxf5 16. exf5 c4 17. Bc6+ Kf8 18. Qc2 Nf6 19. h3 d5 20. b4 Qd6 21. Ba8 Ne4 22. a4 Bxc3 23. Ra3 Bd4+ 24. Kh1 Ng3+ 25. Kh2 Nxf1+ 26. Kh1 f3 27. gxf3 Ng3+ 28. Kg2 Ne1+ 0-1

[Event "Wch Blitz 7th"]
[Site "Khanty-Mansiysk"]
[Date "2013.06.09"]
[Round "13"]
[White "Byambaa, Zulzaga"]
[Black "Kabanov, Nikolai"]
[Result "1/2-1/2"]
[WhiteElo "2285"]
[BlackElo "2472"]
[PlyCount "77"]
[EventDate "2013.06.09"]
[EventType "swiss (blitz)"]
[EventRounds "30"]
[EventCountry "RUS"]
[SourceTitle "CBM 154 Extra"]
[Source "ChessBase"]
[SourceDate "2013.06.25"]
[SourceVersion "2"]
[SourceVersionDate "2013.06.25"]
[SourceQuality "1"]

1. e4 d6 2. d4 Nf6 3. Nc3 e5 4. Nf3 Nbd7 5. Bc4 Be7 6. 0-0 0-0 7. h3 exd4 8. Nxd4 Nb6 9. Be2 c5 10. Nf3 d5 11. exd5 Nfxd5 12. Ne4 Bf5 13. Ng3 Be6 14. c3 Qc7 15. Ng5 Bxg5 16. Bxg5 h6 17. Bd2 Rad8 18. Qc2 Nf4 19. Bxf4 Qxf4 20. Qe4 Qxe4 21. Nxe4 Na4 22. Bb5 Nxb2 23. Nxc5 Bd5 24. Rab1 Nc4 25. Nxb7 Rb8 26. Bxc4 Bxc4 27. Rfc1 Bxa2 28. Ra1 Bd5 29. Nc5 Rfc8 30. Nd3 Rc7 31. Nb4 Bc4 32. Na6 Bxa6 33. Rxa6 Rb3 34. c4 Rb2 35. c5 Kf8 36. c6 Rb6 37. Ra5 Rbxc6 38. Rxc6 Rxc6 39. Rxa7 1/2-1/2

[Event "Wch Blitz 7th"]
[Site "Khanty-Mansiysk"]
[Date "2013.06.09"]
[Round "16"]
[White "Byambaa, Zulzaga"]
[Black "Salem, AR Saleh"]
[Result "0-1"]
[WhiteElo "2285"]
[BlackElo "2531"]
[PlyCount "24"]
[EventDate "2013.06.09"]
[EventType "swiss (blitz)"]
[EventRounds "30"]
[EventCountry "RUS"]
[SourceTitle "CBM 154 Extra"]
[Source "ChessBase"]
[SourceDate "2013.06.25"]
[SourceVersion "2"]
[SourceVersionDate "2013.06.25"]
[SourceQuality "1"]

1. e4 c5 2. Nf3 d6 3. c3 Nf6 4. Bd3 Nc6 5. h3 e5 6. 0-0 g5 7. Nh2 g4 8. hxg4 Rg8 9. f3 h5 10. gxh5 Nxh5 11. Re1 Nf4 12. Qc2 Rxg2+ 0-1

[Event "Wch Blitz 7th"]
[Site "Khanty-Mansiysk"]
[Date "2013.06.09"]
[Round "2"]
[White "Najer, Evgeniy"]
[Black "Byambaa, Zulzaga"]
[Result "1-0"]
[WhiteElo "2633"]
[BlackElo "2285"]
[PlyCount "79"]
[EventDate "2013.06.09"]
[EventType "swiss (blitz)"]
[EventRounds "30"]
[EventCountry "RUS"]
[SourceTitle "CBM 154 Extra"]
[Source "ChessBase"]
[SourceDate "2013.06.25"]
[SourceVersion "2"]
[SourceVersionDate "2013.06.25"]
[SourceQuality "1"]

1. e4 c6 2. d4 g6 3. Nc3 Bg7 4. h3 d6 5. Be3 b5 6. g4 Nd7 7. Bg2 Nb6 8. b3 e5 9. dxe5 Bxe5 10. Nce2 Ne7 11. Nf3 Bg7 12. Bd4 0-0 13. 0-0 c5 14. Bxg7 Kxg7 15. Qd3 b4 16. a3 a5 17. axb4 Ba6 18. b5 Bb7 19. c4 Nec8 20. Ng3 h6 21. Qc3+ Qf6 22. Qxf6+ Kxf6 23. Nd2 Ke7 24. Rfe1 Kd8 25. e5 Bxg2 26. Kxg2 a4 27. Nge4 a3 28. exd6 Re8 29. Nxc5 Rxe1 30. Nb7+ Kd7 31. Rxe1 Nxd6 32. Nc5+ Kd8 33. Ra1 a2 34. Na6 Nd7 35. Rxa2 Nc5 36. b4 Nce4 37. Nxe4 Nxe4 38. b6 Kc8 39. b5 Kb7 40. f3 1-0

[Event "Wch Rapid"]
[Site "Khanty-Mansiysk"]
[Date "2013.06.08"]
[Round "15"]
[White "Gordievsky, Dmitry"]
[Black "Byambaa, Zulzaga"]
[Result "1-0"]
[WhiteElo "2474"]
[BlackElo "2285"]
[PlyCount "69"]
[EventDate "2013.06.06"]
[EventType "swiss (rapid)"]
[EventRounds "15"]
[EventCountry "RUS"]
[SourceTitle "CBM 154 Extra"]
[Source "ChessBase"]
[SourceDate "2013.06.25"]
[SourceVersion "2"]
[SourceVersionDate "2013.06.25"]
[SourceQuality "1"]

1. d4 Nf6 2. c4 e6 3. Nf3 c5 4. d5 d6 5. Nc3 e5 6. e4 Be7 7. g3 0-0 8. Bg2 a6 9. a4 Ne8 10. 0-0 g6 11. Bh6 Ng7 12. Ne1 f5 13. Nd3 Bf6 14. Qd2 Rf7 15. Rae1 Nd7 16. Kh1 Nh5 17. f4 exf4 18. exf5 fxg3 19. Ne4 Ne5 20. Nxe5 Bxe5 21. fxg6 hxg6 22. Rxf7 Kxf7 23. Rf1+ Bf5 24. Qe2 Qh4 25. h3 Nf4 26. Bxf4 Bxf4 27. Nxd6+ Bxd6 28. Qe6+ Kg7 29. Qxd6 Bxh3 30. Qe5+ Kg8 31. Rf4 Bg4+ 32. Kg1 Qh2+ 33. Kf1 Rf8 34. Rxf8+ Kxf8 35. Qf6+ 1-0

[Event "Wch Rapid"]
[Site "Khanty-Mansiysk"]
[Date "2013.06.07"]
[Round "7"]
[White "Byambaa, Zulzaga"]
[Black "Akbaev, Kazbek"]
[Result "1/2-1/2"]
[WhiteElo "2285"]
[BlackElo "2475"]
[PlyCount "121"]
[EventDate "2013.06.06"]
[EventType "swiss (rapid)"]
[EventRounds "15"]
[EventCountry "RUS"]
[SourceTitle "CBM 154 Extra"]
[Source "ChessBase"]
[SourceDate "2013.06.25"]
[SourceVersion "2"]
[SourceVersionDate "2013.06.25"]
[SourceQuality "1"]

1. e4 e6 2. d4 d5 3. exd5 exd5 4. c4 c6 5. Nc3 Nf6 6. Nf3 Bd6 7. Be2 0-0 8. 0-0 h6 9. h3 Be6 10. c5 Bc7 11. Be3 Qd7 12. Ne5 Bxe5 13. dxe5 Ne4 14. Bd3 Nxc3 15. bxc3 Bf5 16. Bd4 Na6 17. f4 Bxd3 18. Qxd3 Qe7 19. f5 Nxc5 20. Qe3 Ne4 21. f6 Qe6 22. Rf4 g5 23. Rxe4 dxe4 24. h4 c5 25. Bxc5 Qxe5 26. Bxf8 Rxf8 27. hxg5 Qxg5 28. Qxe4 Qxf6 29. Rf1 Qg6 30. Qxb7 Rd8 31. Qxa7 Rd2 32. Qa8+ Kg7 33. a4 Qb6+ 34. Kh1 Qe6 35. Qf3 Rd5 36. c4 Rg5 37. a5 Rxa5 38. Qc3+ Qe5 39. Qxe5+ Rxe5 40. Rc1 Rc5 41. Kg1 Kf6 42. Kf2 Ke5 43. Ke3 f5 44. g3 h5 45. Kd3 Kf6 46. Kd4 Rc8 47. c5 Kg5 48. Ke5 Re8+ 49. Kd6 Kg4 50. Rc3 f4 51. gxf4 Kxf4 52. c6 h4 53. c7 Kg4 54. c8Q+ Rxc8 55. Rxc8 h3 56. Ke5 h2 57. Rh8 Kg3 58. Ke4 Kg2 59. Rg8+ Kf1 60. Rf8+ Kg2 61. Rg8+ 1/2-1/2